| 000 | 00388nam a2200133Ia 4500 | ||
|---|---|---|---|
| 005 | 20251222152008.0 | ||
| 008 | 251222s9999||||xx |||||||||||||| ||spa|| | ||
| 082 | _a631.587/B64 | ||
| 100 | _aBlosk, Kees | ||
| 245 | 0 | _aCapacitándonos: Una metodologíade interaprendizaje para promover la gestíon local del agua de riego | |
| 250 | _a1ra. ed. | ||
| 264 | _bOrange Systems | ||
| 942 | _cLIB | ||
| 999 |
_c24810 _d24810 |
||